Plastics: Rubber- Polymer dispersions and rubber 5lattices (natural and synthetic) – Determination of residual monomers and other organic components by capillary-column gas chromatography. Part 2. Headspace method. (Record no. 74007)

MARC details
000 -LEADER
fixed length control field 00716nam a2200193Ia 4500
245 #0 - TITLE STATEMENT
Title Plastics: Rubber- Polymer dispersions and rubber 5lattices (natural and synthetic) – Determination of residual monomers and other organic components by capillary-column gas chromatography. Part 2. Headspace method.
260 ## - PUBLICATION, DISTRIBUTION, ETC. (IMPRINT)
Year of publication 1998
500 ## - GENERAL NOTE
General note Standard number: ISO 13741-2
650 ## - SUBJECT ADDED ENTRY--TOPICAL TERM
Topical Term Natural rubber
650 ## - SUBJECT ADDED ENTRY--TOPICAL TERM
Topical Term Capillary column gas chromatography
650 ## - SUBJECT ADDED ENTRY--TOPICAL TERM
Topical Term Headspace method
650 ## - SUBJECT ADDED ENTRY--TOPICAL TERM
Topical Term Plastics
650 ## - SUBJECT ADDED ENTRY--TOPICAL TERM
Topical Term Polymer dispersions
650 ## - SUBJECT ADDED ENTRY--TOPICAL TERM
Topical Term Residual monomers
650 ## - SUBJECT ADDED ENTRY--TOPICAL TERM
Topical Term Rubber 5lattice
650 ## - SUBJECT ADDED ENTRY--TOPICAL TERM
Topical Term Synthetic rubber
942 ## - ADDED ENTRY ELEMENTS (KOHA)
Koha item type Standards
Holdings
Withdrawn status Lost status Damaged status Not for loan Collection code Home library Current library Date acquired Koha item type
      Standards ISO standards RRII Library RRII Library 31/12/2021 Standards